1345 1350 1223 1825 1768 1590 1083 1363 1982 1167 1625 1820 1847 1830 1958 1829 1799 1582 1128 1217 1882 1722 1520 1746 1843 1374 1102 1544 1646 1454 1377 1907 1462 1198 1895 1485 1224 1741 1293 1246 1399 1604 1813 1450 1520 1062 1186 1073 1457 1238 1688 1128 1932 1656 1355 1360 1522 1256 1111 1794 1611 1529 1825 1446 1874 1633 1408 1473 1630 1563 1031 1741 1888 1889 1704 1630 1539 1112 1761 1645 1242 1196 1039 1989 1798 1656 1475 1382 1393 1361 1953 1411 1150 1855 1082 1547 1778 1975 1411 BCNSPRNW ULIB Ver.6.0+V

เปลี่ยนเป็นภาษาไทย

Change to English
 แสดงรายละเอียดบรรณานุกรม
  กลับหน้าหลัก

Brief Record : Get Marc (ISO 2709) : E-mail record : QR code < ปิดหน้าต่าง
LEADER : 00000nam 2200000uu 4500
001    13399111326
003     ULIB
008    110622s2545||||th 000 0 tha d
020    9742944938
060  4 WY105^bก285น 2545
100 0  กฤษดา แสวงดี
110 1  กระทรวงสาธารณสุข.^bกองการพยาบาล
245 00 แนวทางการจัดอัตรากำลังทางการพยาบาล/^cกฤษดา แสวงดี
260    นนทบุรี:^bโรงพิมพ์องค์การรับส่งสินค้าและพัสดุภัณฑ์,^c2545
300    81 หน้า:^bตาราง
650  7 พยาบาล
650  7 การพยาบาล
650  7 อัตรากำลังทางการพยาบาล
710 1  กระทรวงสาธารณสุข.^bกองการพยาบาล
945    ^p0^l0^i12399
945    ^p0^l0^i10402
995    เกษร
999    ^aใช้งานได้ทุกระบบ
รายการนี้ยังไม่มีแท็ก
คุณยังไม่ได้ล็อกอิน คุณสามารถมีกิจกรรมร่วมกับเว็บไซต์ได้ แต่ต้องล็อกอินก่อน ::
  ล็อกอิน

รายการสื่อสารสนเทศ

ลำดับที่ ประเภท เลขเรียก/บาร์โค้ด สถานที่ สถานะ
- ไม่พบข้อมูล -

รายการใกล้เคียง
    หัวเรื่อง [พยาบาล]
    หัวเรื่อง [การพยาบาล]
    หัวเรื่อง [อัตรากำลังทางการพยาบาล]

BibComment


ยังไม่เคยถูกคอมเมนท์

คอมเมนท์ทรัพยากรรายการนี้
  คอมเมนท์: แนวทางการจัดอัตรา..


 Copyright 2026. Bcnsprnw @Library